| 000 | 00341nam a2200133Ia 4500 | ||
|---|---|---|---|
| 008 | 190216s9999||||xx |||||||||||||| ||und|| | ||
| 100 | _aLouis A Pipes And Lawrence R Harvill | ||
| 245 | 0 | _aApplied Mathematics For Engineers And Physicists | |
| 250 | _a1st Ed. | ||
| 260 |
_bNull _c1970 |
||
| 300 | _a1015 | ||
| 650 | _aPhysics | ||
| 942 | _cBK | ||
| 999 |
_c32846 _d32846 |
||